Mathematical Model of Heat Transfer in Layered Structure of Human Skin Influenced by Heated up to High Temperatures Particle; MATEC Web of Conferences; Vol. 72 : Heat and Mass Transfer in the System of Thermal Modes of Energy – Technical and Technological Equipment (HMTTSC-2016)

Bibliographic Details
Parent link:MATEC Web of Conferences
Vol. 72 : Heat and Mass Transfer in the System of Thermal Modes of Energy – Technical and Technological Equipment (HMTTSC-2016).— 2016.— [01105, 5 p.]
Main Author: Stuparenko A. A. Alexandr
Corporate Author: Национальный исследовательский Томский политехнический университет (ТПУ)
Other Authors: Solodkin A. S. Andrey
Summary:Title screen
Numerical research results of heat transfer in layered system "air-heated particle-skin layer" presented. Skin structure includes epidermis, derma and hypodermis layers. Skin was influenced by heated up to high temperatures particle. The problem is solved in simple one-dimensional statement in Cartesian system of coordinates. The typical range of influence parameters of heated particle considered. Temperature distributions in different moments of time obtained. Condition of burn occurrence by heated particle is under consideration in this work.
Language:English
Published: 2016
Subjects:
Online Access:http://dx.doi.org/10.1051/matecconf/20167201105
http://earchive.tpu.ru/handle/11683/33479
Format: Electronic Book Chapter
KOHA link:https://koha.lib.tpu.ru/cgi-bin/koha/opac-detail.pl?biblionumber=649961

MARC

LEADER 00000nla2a2200000 4500
001 649961
005 20231101134608.0
035 |a (RuTPU)RU\TPU\network\15131 
035 |a RU\TPU\network\15129 
090 |a 649961 
100 |a 20160901a2016 k y0engy50 ba 
101 0 |a eng 
105 |a y z 100zy 
135 |a drgn ---uucaa 
181 0 |a i  
182 0 |a b 
200 1 |a Mathematical Model of Heat Transfer in Layered Structure of Human Skin Influenced by Heated up to High Temperatures Particle  |f A. A. Stuparenko, A. S. Solodkin 
203 |a Text  |c electronic 
300 |a Title screen 
320 |a [References: 18 tit.] 
330 |a Numerical research results of heat transfer in layered system "air-heated particle-skin layer" presented. Skin structure includes epidermis, derma and hypodermis layers. Skin was influenced by heated up to high temperatures particle. The problem is solved in simple one-dimensional statement in Cartesian system of coordinates. The typical range of influence parameters of heated particle considered. Temperature distributions in different moments of time obtained. Condition of burn occurrence by heated particle is under consideration in this work. 
461 0 |0 (RuTPU)RU\TPU\network\4526  |t MATEC Web of Conferences 
463 0 |0 (RuTPU)RU\TPU\network\14977  |t Vol. 72 : Heat and Mass Transfer in the System of Thermal Modes of Energy – Technical and Technological Equipment (HMTTSC-2016)  |o April 19-21, 2016, Tomsk, Russia  |o [proceedings]  |f National Research Tomsk Polytechnic University (TPU) ; eds. G. V. Kuznetsov [et al.]  |v [01105, 5 p.]  |d 2016 
610 1 |a электронный ресурс 
610 1 |a труды учёных ТПУ 
610 1 |a математические модели 
610 1 |a теплообмен 
610 1 |a слоистые структуры 
610 1 |a кожа 
610 1 |a высокие температуры 
610 1 |a эпидермис 
700 1 |a Stuparenko  |b A. A.  |g Alexandr 
701 1 |a Solodkin  |b A. S.  |g Andrey 
712 0 2 |a Национальный исследовательский Томский политехнический университет (ТПУ)  |c (2009- )  |2 stltpush  |3 (RuTPU)RU\TPU\col\15902 
801 2 |a RU  |b 63413507  |c 20170120  |g RCR 
856 4 |u http://dx.doi.org/10.1051/matecconf/20167201105 
856 4 |u http://earchive.tpu.ru/handle/11683/33479 
942 |c CF